Biblioteca y Centro de Documentación

Optimal unemployment insurance with heterogeneous agents (Registro nro. 38483)

Detalles MARC
000 -CABECERA
Longitud fija campo de control 00924naa a2200277 c 4500
001 - NÚMERO DE CONTROL
Número de control 38483
003 - IDENTIFICADOR DE NÚMERO DE CONTROL
Identificador del número de control ES-MaCES
005 - FECHA Y HORA DE LA ÚLTIMA TRANSACCIÓN
Fecha y hora de la última transacción 20150724120105.0
008 - CAMPO FIJO DE DESCRIPCIÓN FIJA--INFORMACIÓN GENERAL
Códigos de información de longitud fija   080506n2007 ne t 000 | eng d
035 ## - NÚMERO DE CONTROL DEL SISTEMA
Número de control del sistema CES20080002079v
040 ## - FUENTE DE CATALOGACIÓN
Centro catalogador de origen ES-MaCES
Lengua de catalogación spa
Centro transcriptor ES-MaCES
100 1# - ENCABEZAMIENTO PRINCIPAL--NOMBRE PERSONAL
Nombre de persona Pollak, Andreas
9 (RLIN) 21178
245 10 - MENCIÓN DE TÍTULO
Título Optimal unemployment insurance with heterogeneous agents
Mención de responsabilidad, etc. Andreas Pollak
500 ## - NOTA GENERAL
Nota general Resumen
504 ## - NOTA DE BIBLIOGRAFÍA, ETC.
Nota de bibliografía, etc. Bibliografía: p. 106-110
650 #4 - ASIENTO SECUNDARIO DE MATERIA--TÉRMINO DE MATERIA
Término de materia o nombre geográfico como elemento inicial cuadros estadísticos
9 (RLIN) 28890
650 #4 - ASIENTO SECUNDARIO DE MATERIA--TÉRMINO DE MATERIA
Término de materia o nombre geográfico como elemento inicial modelo econométrico
9 (RLIN) 29368
650 #4 - ASIENTO SECUNDARIO DE MATERIA--TÉRMINO DE MATERIA
Término de materia o nombre geográfico como elemento inicial modelo matemático
9 (RLIN) 29432
650 #4 - ASIENTO SECUNDARIO DE MATERIA--TÉRMINO DE MATERIA
Término de materia o nombre geográfico como elemento inicial desempleo
9 (RLIN) 28308
653 10 - TÉRMINO DE INDEXACIÓN--NO CONTROLADO
Término no controlado Empleo
650 #4 - ASIENTO SECUNDARIO DE MATERIA--TÉRMINO DE MATERIA
9 (RLIN) 28300
Término de materia o nombre geográfico como elemento inicial política de empleo
773 0# - ENTRADA DE DOCUMENTO FUENTE
Título European economic review
Parte(s) relacionada(s) vol. 51, no. 8 (Nov. 2007){10156 R. 069727}; p. 2029-2053
Número de control del registro relacionado (ES-MaCES)25173
Itemnumber del ítem fuente 39821
902 ## - CES. TIPO DE DOCUMENTO
Tipodoc (006$c Sirtex) ART Artículo de revista
942 ## - ELEMENTOS KOHA
Fuente de clasificaión o esquema Clasificación propia del CES
Koha [por defecto] tipo de item Artículos (1982-2017)
Parte de clasificación 2.1.

No hay ítems disponibles.

© CES, Consejo Económico y Social de España 2021